L'Egypte Antique - Statistiques

Statistiques générales
  • Ce quiz a été pris 939 fois
  • Le résultat moyen est 7 sur 10
Statistiques - réponses
Question Réponse % Correct
Quelle est la plus grande pyramide d’Egypte ? La pyramide de Khéops
94%
Le tombeau de Cléopâtre n’a, à ce jour, jamais été découvert. Vrai
83%
Quel célèbre égyptologue est parvenu à déchiffrer les hiéroglyphes ? Jean-François Champollion
75%
A quel âge le pharaon Toutânkhamon est-il mort ? 19 ans
74%
Quelle fibre était utilisée pour confectionner les bandelettes servant à la momification ? Le lin
70%
Quel pharaon a été surnommé le "Bâtisseur" ? Ramsès II
69%
De quel temple provient l'obélisque qui orne la place de la Condorde, à Paris, depuis 1836 ? Du temple d'Amon à Louxor
65%
Quel site, menacé d’être submergé, a été démonté au XXe siècle puis reconstruit sur une zone protégée ? Abou Simbel (les temples de Ramsès II)
56%
La bibliothèque d’Alexandrie figurait parmi les 7 merveilles du monde antique. Faux
50%
Selon la mythologie égyptienne, quelle divinité règne sur le royaume des morts ? Osiris
45%
Aucun quiz correspondant
Distribution des résultats
% des personnes avec chaque résultat
Percentile par nombre de réponses
Votre historique - résultats
Vous n’avez pas pris ce quiz